Problems of Development and Application of Metal Matrix Composite Powders for Additive Technologies; IOP Conference Series: Materials Science and Engineering; Vol. 140 : Interdisciplinary Problems in Additive Technologies
| Parent link: | IOP Conference Series: Materials Science and Engineering Vol. 140 : Interdisciplinary Problems in Additive Technologies.— 2016.— [012010, 6 p.] |
|---|---|
| Corporate Author: | |
| Other Authors: | , , , , |
| Summary: | Title screen The paper considers the problem of structure formation in composites with carbide phase and a metal binder under self-propagating high-temperature synthesis (SHS) of powder mixtures. The relation between metal binder content and their structure and wear resistance of coatings was studied. It has been shown that dispersion of the carbide phase and volume content of metal binder in the composite powders structure could be regulated purposefully for all of studied composites. It was found that the structure of surfaced coating was fully inherited of composite powders. Modification or coarsening of the structure at the expense of recrystallization or coagulation carbide phase during deposition and sputtering does not occur. |
| Language: | English |
| Published: |
2016
|
| Subjects: | |
| Online Access: | http://dx.doi.org/10.1088/1757-899X/140/1/012010 http://earchive.tpu.ru/handle/11683/34864 |
| Format: | Electronic Book Chapter |
| KOHA link: | https://koha.lib.tpu.ru/cgi-bin/koha/opac-detail.pl?biblionumber=650719 |
MARC
| LEADER | 00000nla2a2200000 4500 | ||
|---|---|---|---|
| 001 | 650719 | ||
| 005 | 20240215092420.0 | ||
| 035 | |a (RuTPU)RU\TPU\network\15968 | ||
| 035 | |a RU\TPU\network\15958 | ||
| 090 | |a 650719 | ||
| 100 | |a 20161018a2016 k y0engy50 ba | ||
| 101 | 0 | |a eng | |
| 102 | |a GB | ||
| 105 | |a y z 100zy | ||
| 135 | |a drgn ---uucaa | ||
| 181 | 0 | |a i | |
| 182 | 0 | |a b | |
| 200 | 1 | |a Problems of Development and Application of Metal Matrix Composite Powders for Additive Technologies |f E. N. Korosteleva [et al.] | |
| 203 | |a Text |c electronic | ||
| 300 | |a Title screen | ||
| 320 | |a [References: 9 tit.] | ||
| 330 | |a The paper considers the problem of structure formation in composites with carbide phase and a metal binder under self-propagating high-temperature synthesis (SHS) of powder mixtures. The relation between metal binder content and their structure and wear resistance of coatings was studied. It has been shown that dispersion of the carbide phase and volume content of metal binder in the composite powders structure could be regulated purposefully for all of studied composites. It was found that the structure of surfaced coating was fully inherited of composite powders. Modification or coarsening of the structure at the expense of recrystallization or coagulation carbide phase during deposition and sputtering does not occur. | ||
| 461 | 0 | |0 (RuTPU)RU\TPU\network\2008 |t IOP Conference Series: Materials Science and Engineering | |
| 463 | 0 | |0 (RuTPU)RU\TPU\network\15930 |t Vol. 140 : Interdisciplinary Problems in Additive Technologies |o International Seminar, 16–17 December 2015, Tomsk, Russia |o [proceedings] |v [012010, 6 p.] |d 2016 | |
| 610 | 1 | |a электронный ресурс | |
| 610 | 1 | |a труды учёных ТПУ | |
| 610 | 1 | |a металлические порошки | |
| 610 | 1 | |a композитные порошки | |
| 610 | 1 | |a аддитивные технологии | |
| 610 | 1 | |a самораспространяющийся высокомолекулярный синтез | |
| 610 | 1 | |a порошковые смеси | |
| 610 | 1 | |a композиты | |
| 610 | 1 | |a износостойкие покрытия | |
| 701 | 1 | |a Korosteleva |b E. N. |c physicist |c Associate Professor of Tomsk Polytechnic University, Candidate of technical sciences |f 1962- |g Elena Nikolaevna |3 (RuTPU)RU\TPU\pers\32485 |9 16432 | |
| 701 | 1 | |a Pribytkov |b G. A. |g Gennadii | |
| 701 | 1 | |a Krinitsyn |b M. G. |c specialist in the field of mechanical engineering |c engineer of Tomsk Polytechnic University |f 1992- |g Maksim Germanovich |3 (RuTPU)RU\TPU\pers\37439 | |
| 701 | 1 | |a Baranovskii |b A. V. |g Anton | |
| 701 | 1 | |a Korzhova |b V. V. |g Victoria | |
| 712 | 0 | 2 | |a Национальный исследовательский Томский политехнический университет (ТПУ) |b Институт физики высоких технологий (ИФВТ) |b Кафедра физики высоких технологий в машиностроении (ФВТМ) |3 (RuTPU)RU\TPU\col\18687 |
| 801 | 2 | |a RU |b 63413507 |c 20170120 |g RCR | |
| 856 | 4 | |u http://dx.doi.org/10.1088/1757-899X/140/1/012010 | |
| 856 | 4 | |u http://earchive.tpu.ru/handle/11683/34864 | |
| 942 | |c CF | ||